|
|
|
|
| LEADER |
00000nam0a2200000 4500 |
| 001 |
197025 |
| 005 |
20231031183320.0 |
| 035 |
|
|
|a (RuTPU)RU\TPU\book\214923
|
| 090 |
|
|
|a 197025
|
| 100 |
|
|
|a 20110602d1931 m y0rusy50 ca
|
| 101 |
0 |
|
|a rus
|
| 102 |
|
|
|a UA
|
| 105 |
|
|
|a y z 000zy
|
| 200 |
1 |
|
|a Нормировочник на проходческие работы. Руководство по нормированию горных работ при прохождении стволов шахт, околоствольных выработок и квершлагов в Донецком бассейне
|a Руководство по нормированию горных работ при прохождении стволов шахт, околоствольных выработок и квершлагов в Донецком бассейне
|
| 210 |
|
|
|a Харьков
|c ДВОУ
|d 1931
|
| 215 |
|
|
|a 293 с.
|
| 610 |
1 |
|
|a горные работы
|
| 610 |
1 |
|
|a проходческие работы
|
| 610 |
1 |
|
|a нормирование
|
| 610 |
1 |
|
|a шахты
|
| 610 |
1 |
|
|a стволы
|
| 610 |
1 |
|
|a прохождение
|
| 610 |
1 |
|
|a выработки
|
| 610 |
1 |
|
|a квершлаги
|
| 610 |
1 |
|
|a Донецкий бассейн
|
| 675 |
|
|
|a 622.271
|v 3
|
| 801 |
|
1 |
|a RU
|b 63413507
|c 20110602
|
| 801 |
|
2 |
|a RU
|b 63413507
|c 20110609
|g RCR
|
| 942 |
|
|
|c BK
|